[Event "IX. Rhein-Main-Open"]
[Site "Bad Homburg"]
[Date "2006.06.15"]
[Round "3.5"]
[White "Klundt, Klaus"]
[Black "Dorst, Johannes"]
[Result "1/2-1/2"]
[WhiteElo "2392"]
[BlackElo "2127"]
[PlyCount "86"]
[EventDate "2006.??.??"]

1. e4 c5 2. Nf3 Nc6 3. d4 cxd4 4. Nxd4 Nf6 5. Nc3 e5 6. Ndb5 d6 7. Bg5 a6 8.
Na3 b5 9. Bxf6 gxf6 10. Nd5 f5 11. g3 Bg7 12. c3 O-O 13. Bg2 fxe4 14. Bxe4 f5
15. Nf6+ Qxf6 16. Bxc6 Rb8 17. Nc2 Kh8 18. Qh5 Be6 19. Ne3 b4 20. O-O bxc3 21.
bxc3 f4 22. Be4 Qh6 23. Qxh6 Bxh6 24. Nd5 Rb2 25. Rab1 Rfb8 26. c4 Rxb1 27.
Rxb1 Rxb1+ 28. Bxb1 fxg3 29. hxg3 a5 30. Kg2 Bd2 31. Kf3 a4 32. Ke2 Bg5 33. Be4
a3 34. Kd3 Bxd5 35. Bxd5 Kg7 36. Ke4 Kf6 37. Bg8 h6 38. Kd5 Ke7 39. c5 dxc5 40.
Kxe5 Bf6+ 41. Kf5 Bd4 42. f4 Kf8 43. Bc4 Kg7 1/2-1/2

[Event "IX. Rhein-Main-Open"]
[Site "Bad Homburg"]
[Date "2006.06.15"]
[Round "3.7"]
[White "Diehm, Alexander"]
[Black "Isserman, Ryhor"]
[Result "1/2-1/2"]
[WhiteElo "2111"]
[BlackElo "2309"]
[PlyCount "36"]
[EventDate "2006.??.??"]

1. d4 Nf6 2. c4 d6 3. Nf3 Nbd7 4. Nc3 e5 5. Bg5 Be7 6. e3 c6 7. Bd3 a6 8. a4
Ng4 9. Bxe7 Qxe7 10. O-O O-O 11. b4 Ngf6 12. Qc2 Re8 13. Nd2 Nf8 14. d5 cxd5
15. Nxd5 Nxd5 16. cxd5 Bg4 17. Rac1 Rac8 18. Qb1 g6 1/2-1/2

[Event "IX. Rhein-Main-Open"]
[Site "Bad Homburg"]
[Date "2006.06.15"]
[Round "3.8"]
[White "Lisanti, Andre"]
[Black "Biegel, Thomas"]
[Result "1-0"]
[WhiteElo "2295"]
[BlackElo "1999"]
[PlyCount "59"]
[EventDate "2006.??.??"]

1. e4 c6 2. d4 d5 3. e5 c5 4. dxc5 e6 5. Qg4 h5 6. Qg3 Qa5+ 7. Nd2 h4 8. Qg4
Qxc5 9. c4 Nc6 10. Nb3 Nxe5 11. Qe2 Qc7 12. cxd5 Nf6 13. f4 Neg4 14. Bd2 Bd6
15. Rc1 Qe7 16. dxe6 Qxe6 17. Nd4 Qxe2+ 18. Bxe2 a6 19. Bf3 O-O 20. Nge2 Re8
21. O-O Ne3 22. Rfe1 Rb8 23. g3 hxg3 24. hxg3 Nf5 25. Rxc8 Rexc8 26. Nxf5 Bc5+
27. Kg2 g6 28. Nh6+ Kf8 29. Bc3 Be7 30. Be5 1-0

[Event "IX. Rhein-Main-Open"]
[Site "Bad Homburg"]
[Date "2006.06.15"]
[Round "3.9"]
[White "Minor, Samuel"]
[Black "Feldtmann, Thomas"]
[Result "0-1"]
[WhiteElo "2100"]
[BlackElo "2283"]
[PlyCount "86"]
[EventDate "2006.??.??"]

1. e4 d6 2. d4 Nf6 3. Nc3 g6 4. Be3 c6 5. f3 b5 6. g4 h6 7. Qd2 Bg7 8. h4 h5 9.
g5 Nfd7 10. f4 b4 11. Nce2 c5 12. Nf3 Bb7 13. Ng3 O-O 14. Bh3 Nc6 15. O-O cxd4
16. Nxd4 Nc5 17. f5 Be5 18. Nxc6 Bxc6 19. Bf4 Bxb2 20. Qe2 Qb6 21. Kh2 Qb5 22.
Qf3 Bxa1 23. Rxa1 Qc4 24. Re1 e5 25. Bd2 Qxc2 26. Re2 Qd3 27. Qg2 a5 28. Re3
Qd4 29. Re2 Qd3 30. Re3 Qd4 31. Re2 Qc4 32. Qf3 Qd3 33. Qg2 Qc4 34. Qf3 Kh8 35.
Bf1 d5 36. Nxh5 Nxe4 37. Be1 Qc1 38. Ng3 Qf4 39. Qd3 gxf5 40. Kg1 Nxg3 41. Bxg3
Qd4+ 42. Rf2 Qxd3 43. Bxe5+ f6 0-1

[Event "IX. Rhein-Main-Open"]
[Site "Bad Homburg"]
[Date "2006.06.15"]
[Round "3.10"]
[White "Ochmann, Reimund"]
[Black "Bakhmatov, Eduard"]
[Result "0-1"]
[WhiteElo "1944"]
[BlackElo "2341"]
[PlyCount "90"]
[EventDate "2006.??.??"]

1. e4 g6 2. d4 Bg7 3. Nc3 d6 4. Be3 a6 5. Nf3 b5 6. a3 Bb7 7. Bd3 Nd7 8. Ne2
Ngf6 9. Ng3 O-O 10. Qd2 Ng4 11. O-O Nxe3 12. Qxe3 e5 13. c3 exd4 14. Nxd4 Re8
15. Qd2 Nc5 16. Rae1 d5 17. e5 Bxe5 18. f4 Nxd3 19. Qxd3 Bg7 20. f5 Qh4 21.
fxg6 hxg6 22. Qf3 Bxd4+ 23. cxd4 Qxd4+ 24. Kh1 Qg7 25. Rc1 Re7 26. Qf4 c6 27.
Rc3 Rae8 28. Nf5 Re4 29. Qxe4 Rxe4 30. Nxg7 Kxg7 31. Rcf3 f5 32. Rf4 Rxf4 33.
Rxf4 c5 34. h4 Kf6 35. Kg1 Ke5 36. g3 d4 37. Kf2 c4 38. Ke2 a5 39. Kd2 Be4 40.
Rf2 b4 41. Rh2 c3+ 42. Kc1 d3 43. bxc3 bxc3 44. Rf2 Kd4 45. Kd1 Ke3 0-1

[Event "IX. Rhein-Main-Open"]
[Site "Bad Homburg"]
[Date "2006.06.15"]
[Round "3.11"]
[White "Hillgaertner, Walter"]
[Black "Chandler, Patrick"]
[Result "1/2-1/2"]
[WhiteElo "2055"]
[BlackElo "2199"]
[PlyCount "121"]
[EventDate "2006.??.??"]

1. d4 Nf6 2. Bf4 d6 3. e3 Nbd7 4. h3 e5 5. Bh2 c6 6. c3 Qb6 7. Qb3 e4 8. Nd2 d5
9. Ne2 Be7 10. Nc1 O-O 11. Be2 Ne8 12. O-O f5 13. c4 Ndf6 14. cxd5 Qxb3 15.
Ncxb3 Nxd5 16. a3 a5 17. Nc4 a4 18. Nbd2 Be6 19. Ne5 Nef6 20. Rac1 Rfe8 21.
Rfe1 g6 22. Bf1 Kg7 23. Nb1 Bd6 24. Nc3 Nxc3 25. Rxc3 Bd5 26. Rcc1 Red8 27. Nc4
Bxh2+ 28. Kxh2 Nd7 29. Nd2 b5 30. Nb1 Nb6 31. Nd2 Rab8 32. f3 exf3 33. gxf3
Rbc8 34. Bg2 f4 35. exf4 Bf7 36. Re7 Rxd4 37. Ne4 Rd7 38. Rxd7 Nxd7 39. Rd1 Nb6
40. Bf1 Bb3 41. Rd2 Rc7 42. Kg3 Bc4 43. Bg2 Nd5 44. h4 Ne3 45. Bh3 Bd5 46. Re2
Nc4 47. Nc5 Kf6 48. Nd7+ Kf7 49. Ne5+ Kg7 50. Nxc4 bxc4 51. f5 Rb7 52. fxg6
hxg6 53. Bg4 Rb3 54. Rc2 Kf6 55. Kf4 Rd3 56. h5 gxh5 57. Bxh5 Rd4+ 58. Ke3 Ke5
59. Bg6 Rf4 60. Rf2 Rh4 61. Bc2 1/2-1/2

[Event "IX. Rhein-Main-Open"]
[Site "Bad Homburg"]
[Date "2006.06.15"]
[Round "3.12"]
[White "Neb, Roland"]
[Black "Hüttemann, Ralf"]
[Result "1-0"]
[WhiteElo "2156"]
[BlackElo "1963"]
[PlyCount "121"]
[EventDate "2006.??.??"]

1. e4 c5 2. c3 d5 3. exd5 Qxd5 4. d4 e5 5. dxe5 Qxd1+ 6. Kxd1 a6 7. Bd3 Nc6 8.
f4 Bg4+ 9. Nf3 O-O-O 10. Ke2 f6 11. exf6 Nxf6 12. Rd1 Bd6 13. Na3 b5 14. c4 Nh5
15. cxb5 Nd4+ 16. Kf2 Nxf4 17. Bxf4 Bxf4 18. bxa6 Kb8 19. h3 Bc8 20. Rab1 Rhe8
21. b4 Be3+ 22. Kg3 Nf5+ 23. Kh2 Bf4+ 24. Kg1 Be3+ 25. Kh1 Ng3+ 26. Kh2 c4 27.
Bxc4 Ne4 28. Rxd8 Bf4+ 29. g3 Bxg3+ 30. Kg2 Rxd8 31. Nc2 Bf2 32. Rf1 Bb6 33.
Re1 Nd6 34. Be2 Nf5 35. b5 Rd6 36. Ne5 Nh4+ 37. Kg3 Nf5+ 38. Kg2 Be6 39. Nc6+
Ka8 40. N2b4 Nh4+ 41. Kg3 Nf5+ 42. Kf4 Bc7 43. Ke4 Ng3+ 44. Kf3 Rd2 45. Bc4 Bd7
46. Bd5 Nf5 47. Ne5+ Rxd5 48. Nxd5 Nd4+ 49. Ke4 Bxe5 50. Nb6+ Ka7 51. Nxd7 Bg3
52. Re3 Nxb5 53. Rxg3 g6 54. Nf8 Nd6+ 55. Ke5 Nf5 56. Ra3 Nh4 57. Nxh7 Nf5 58.
Kf6 Nh4 59. Kg5 Ng2 60. Kxg6 Nf4+ 61. Kf5 1-0

[Event "IX. Rhein-Main-Open"]
[Site "Bad Homburg"]
[Date "2006.06.15"]
[Round "3.13"]
[White "Schell, Walter"]
[Black "Willems, Matthias"]
[Result "1/2-1/2"]
[WhiteElo "2112"]
[BlackElo "2112"]
[PlyCount "26"]
[EventDate "2006.??.??"]

1. d4 d6 2. c4 e5 3. Nf3 e4 4. Ng5 f5 5. Nc3 c6 6. Nh3 Be7 7. e3 Nf6 8. Nf4 Na6
9. h4 Nc7 10. Qb3 d5 11. cxd5 Nfxd5 12. Nfxd5 cxd5 13. g3 O-O 1/2-1/2

[Event "IX. Rhein-Main-Open"]
[Site "Bad Homburg"]
[Date "2006.06.15"]
[Round "3.14"]
[White "Uwira, Oliver"]
[Black "Schimmer, Michael"]
[Result "1-0"]
[WhiteElo "2256"]
[BlackElo "1956"]
[PlyCount "31"]
[EventDate "2006.??.??"]

1. d4 Nf6 2. Bg5 e6 3. e4 h6 4. Bxf6 Qxf6 5. Nc3 d6 6. Qd2 Nc6 7. Rd1 e5 8.
dxe5 Nxe5 9. f4 Nc6 10. Nf3 Bg4 11. Be2 O-O-O 12. O-O g6 13. Nd5 Qe6 14. Nd4
Nxd4 15. Bxg4 Qxg4 16. Qxd4 1-0

[Event "IX. Rhein-Main-Open"]
[Site "Bad Homburg"]
[Date "2006.06.15"]
[Round "3.15"]
[White "Sefeloge, Michael"]
[Black "Adair, Robin"]
[Result "1/2-1/2"]
[WhiteElo "1916"]
[BlackElo "2103"]
[PlyCount "61"]
[EventDate "2006.??.??"]

1. d4 Nf6 2. c4 g6 3. Nc3 Bg7 4. Nf3 d5 5. e3 O-O 6. b3 c6 7. Be2 Bg4 8. O-O
dxc4 9. bxc4 c5 10. Rb1 cxd4 11. exd4 Nbd7 12. Bf4 Nh5 13. Be3 Nb6 14. c5 Nd5
15. Nxd5 Qxd5 16. Qb3 Qxb3 17. Rxb3 Be6 18. Rxb7 Bxa2 19. Ra1 Bd5 20. Rbxa7
Rae8 21. Ne5 Bxe5 22. dxe5 Ng7 23. Bh6 Rc8 24. Rxe7 Rxc5 25. h3 Rb8 26. Bxg7
Kxg7 27. Bg4 h5 28. Bf3 Kf8 29. Raa7 Be6 30. Be4 Rxe5 31. f3 1/2-1/2

[Event "IX. Rhein-Main-Open"]
[Site "Bad Homburg"]
[Date "2006.06.15"]
[Round "3.16"]
[White "Kretner, Georg-Ulrich"]
[Black "Remy, Jochen"]
[Result "1/2-1/2"]
[WhiteElo "1852"]
[BlackElo "2097"]
[PlyCount "39"]
[EventDate "2006.??.??"]

1. d4 g6 2. Nf3 Bg7 3. c4 d6 4. g3 f5 5. Bg2 Nh6 6. O-O Nf7 7. Nc3 O-O 8. e4
Nc6 9. Be3 fxe4 10. Nxe4 Bg4 11. h3 Bxf3 12. Bxf3 e5 13. d5 Nd4 14. Bg2 c5 15.
dxc6 bxc6 16. Nc3 Rb8 17. b3 Ng5 18. Bxg5 Qxg5 19. Bxc6 Kh8 20. Bg2 1/2-1/2

[Event "IX. Rhein-Main-Open"]
[Site "Bad Homburg"]
[Date "2006.06.15"]
[Round "3.17"]
[White "Ellrich, Jochen"]
[Black "Grünter, Martin"]
[Result "1-0"]
[WhiteElo "2090"]
[BlackElo "1897"]
[PlyCount "47"]
[EventDate "2006.??.??"]

1. d4 d5 2. e4 dxe4 3. Nc3 Nf6 4. f3 exf3 5. Nxf3 Bg4 6. h3 Bh5 7. g4 Bg6 8.
Ne5 Nbd7 9. Qe2 c6 10. h4 h6 11. Nxg6 fxg6 12. Qd3 Qc7 13. Qxg6+ Kd8 14. Rh3 e5
15. g5 hxg5 16. Bxg5 exd4 17. O-O-O dxc3 18. Bxf6+ gxf6 19. Qxf6+ Kc8 20. Qxh8
cxb2+ 21. Kb1 Qe5 22. Qxe5 Nxe5 23. Re1 Bg7 24. Rg3 1-0

[Event "IX. Rhein-Main-Open"]
[Site "Bad Homburg"]
[Date "2006.06.15"]
[Round "3.18"]
[White "Hilbenz, Guntram"]
[Black "Huss, Rolf"]
[Result "1/2-1/2"]
[WhiteElo "2053"]
[BlackElo "2112"]
[PlyCount "25"]
[EventDate "2006.??.??"]

1. c4 Nf6 2. g3 g6 3. Bg2 Bg7 4. Nf3 d6 5. Nc3 O-O 6. O-O e5 7. d3 h6 8. Rb1 a5
9. a3 Nc6 10. b4 axb4 11. axb4 Be6 12. b5 Ne7 13. Bb2 1/2-1/2

[Event "IX. Rhein-Main-Open"]
[Site "Bad Homburg"]
[Date "2006.06.15"]
[Round "3.19"]
[White "Zöller, Thomas"]
[Black "Bender, Manfred"]
[Result "1/2-1/2"]
[WhiteElo "2082"]
[BlackElo "1816"]
[PlyCount "53"]
[EventDate "2006.??.??"]

1. d4 d5 2. c4 c6 3. Nf3 Nf6 4. Nc3 e6 5. e3 Nbd7 6. Qc2 Bd6 7. g4 dxc4 8. Bxc4
Nb6 9. Bd3 Qe7 10. g5 Nfd5 11. a3 e5 12. Ne4 exd4 13. Nxd6+ Qxd6 14. Nxd4 g6
15. Bd2 Bd7 16. O-O-O O-O-O 17. Nb5 Qe7 18. e4 Nc7 19. Nxc7 Kxc7 20. a4 Kb8 21.
a5 Nc8 22. h4 Bg4 23. Rde1 Rhe8 24. Rhg1 Be6 25. Rg3 Qd6 26. Qa4 Qc5+ 27. Qc2
1/2-1/2

[Event "IX. Rhein-Main-Open"]
[Site "Bad Homburg"]
[Date "2006.06.15"]
[Round "3.20"]
[White "Winterberg, Lukas"]
[Black "Mayer, Frank"]
[Result "1/2-1/2"]
[WhiteElo "1799"]
[BlackElo "2078"]
[PlyCount "50"]
[EventDate "2006.??.??"]

1. d4 e6 2. c4 b6 3. Nf3 Bb7 4. g3 Nf6 5. Bg2 Bb4+ 6. Bd2 Be7 7. Nc3 Ne4 8. Qc2
Nxd2 9. Qxd2 d6 10. Qc2 Nd7 11. e4 c5 12. d5 e5 13. O-O O-O 14. Ne1 a6 15. a4
Bf6 16. Ne2 g6 17. Bh3 Bg7 18. Ng2 Bc8 19. Ne3 Nf6 20. Bxc8 Qxc8 21. f4 Ng4 22.
Nxg4 Qxg4 23. f5 Bh6 24. Kg2 Qg5 25. Rf3 Qd2 1/2-1/2

[Event "IX. Rhein-Main-Open"]
[Site "Bad Homburg"]
[Date "2006.06.15"]
[Round "3.21"]
[White "Göbel, Andreas"]
[Black "Wanie, Karsten"]
[Result "0-1"]
[WhiteElo "2073"]
[BlackElo "2056"]
[PlyCount "52"]
[EventDate "2006.??.??"]

1. Nf3 d5 2. d4 e6 3. Bg5 Be7 4. Bxe7 Qxe7 5. c3 Nf6 6. Nbd2 O-O 7. e3 Nbd7 8.
Ne5 Nxe5 9. dxe5 Nd7 10. f4 Qc5 11. Qe2 f6 12. exf6 Nxf6 13. O-O-O e5 14. Nb3
Qe7 15. Qd2 Bg4 16. Re1 Rad8 17. Bd3 c5 18. fxe5 Ne4 19. Bxe4 dxe4 20. Qc2 Qxe5
21. h3 Be6 22. Rhf1 Bc4 23. Rxf8+ Rxf8 24. Nd2 Qg3 25. Rd1 Be2 26. Qb3+ Kh8 0-1

[Event "IX. Rhein-Main-Open"]
[Site "Bad Homburg"]
[Date "2006.06.15"]
[Round "3.22"]
[White "Schreiner, Roland"]
[Black "Ahrends, Norbert"]
[Result "1/2-1/2"]
[WhiteElo "1954"]
[BlackElo "2065"]
[PlyCount "30"]
[EventDate "2006.??.??"]

1. d4 d5 2. c4 c6 3. Nc3 e6 4. Nf3 Nf6 5. Bg5 Be7 6. e3 O-O 7. Rc1 Nbd7 8. a3
h6 9. Bh4 dxc4 10. Bxc4 Nb6 11. Bd3 Nfd5 12. Bxe7 Qxe7 13. Ne4 Nd7 14. O-O e5
15. dxe5 Nxe5 1/2-1/2

[Event "IX. Rhein-Main-Open"]
[Site "Bad Homburg"]
[Date "2006.06.15"]
[Round "3.23"]
[White "Lebermann, Hellmuth"]
[Black "Pietsch, Klaus"]
[Result "0-1"]
[WhiteElo "2063"]
[BlackElo "1956"]
[PlyCount "48"]
[EventDate "2006.??.??"]

1. e4 e5 2. d4 exd4 3. Nf3 Nc6 4. Bc4 Nf6 5. O-O Nxe4 6. Re1 d5 7. Bxd5 Qxd5 8.
Nc3 Qa5 9. Nxe4 Be6 10. Neg5 Bd6 11. Nxe6 fxe6 12. Rxe6+ Kd7 13. Bd2 Qh5 14.
Re4 Rae8 15. Rh4 Qd5 16. Be3 d3 17. Ne1 g5 18. Nxd3 Rxe3 19. fxe3 gxh4 20. e4
Qg5 21. Qf3 Kc8 22. Re1 Rf8 23. Qh3+ Kb8 24. a3 Nd4 0-1

[Event "IX. Rhein-Main-Open"]
[Site "Bad Homburg"]
[Date "2006.06.15"]
[Round "3.24"]
[White "Reyher, Werner"]
[Black "Eidelmann, Vova"]
[Result "1-0"]
[WhiteElo "1834"]
[BlackElo "2055"]
[PlyCount "125"]
[EventDate "2006.??.??"]

1. d4 d5 2. c4 e6 3. Nc3 Nf6 4. Bg5 Be7 5. Nf3 O-O 6. e3 c6 7. Rc1 dxc4 8. Bxc4
b5 9. Bd3 a6 10. Ne5 h6 11. Bh4 Bb7 12. O-O Ra7 13. Ne4 Nfd7 14. Nxd7 Nxd7 15.
Bxe7 Qxe7 16. Nc5 Nf6 17. Qf3 Ba8 18. Qg3 Nd7 19. f4 Nxc5 20. Rxc5 Rd7 21. Be4
Rd6 22. Qf3 g6 23. g4 Qf6 24. Kh1 Qd8 25. f5 exf5 26. gxf5 Rf6 27. Qg4 Kg7 28.
Rg1 Qd6 29. h4 Rg8 30. fxg6 fxg6 31. Rf5 Rxf5 32. Qxf5 Kh8 33. Rxg6 Rxg6 34.
Qxg6 Qxg6 35. Bxg6 c5+ 36. Kh2 cxd4 37. exd4 Kg7 38. Bd3 Kf6 39. Kg3 Bc6 40.
Kf4 a5 41. Be4 Bd7 42. Bd5 b4 43. a3 bxa3 44. bxa3 Be8 45. Bf3 Bd7 46. Ke4 Bc6+
47. d5 Bd7 48. Kd4 Kf5 49. Kc5 Kf4 50. Kd6 Ba4 51. Be2 Ke3 52. Bh5 Kd4 53. Bf7
Kc3 54. Kc5 Kb2 55. Kb6 Kxa3 56. Kxa5 Bd7 57. d6 Kb2 58. Kb6 Kc3 59. Kc7 Ba4
60. d7 Bxd7 61. Kxd7 Kd4 62. Ke6 Ke4 63. h5 1-0

[Event "IX. Rhein-Main-Open"]
[Site "Bad Homburg"]
[Date "2006.06.15"]
[Round "3.25"]
[White "Sittinger, Lutz"]
[Black "Foermes, Alexander"]
[Result "1/2-1/2"]
[WhiteElo "1786"]
[BlackElo "2054"]
[PlyCount "98"]
[EventDate "2006.??.??"]

1. e4 c5 2. Nf3 e6 3. d4 cxd4 4. Nxd4 Nc6 5. Nc3 Qc7 6. Ndb5 Qb8 7. a3 a6 8.
Nd4 Nf6 9. Be3 Be7 10. Bd3 O-O 11. O-O Ne5 12. Bf4 d6 13. Bxe5 dxe5 14. Nf3 b5
15. Ne2 Rd8 16. Ng3 Nd7 17. b4 Nb6 18. Qe2 Ra7 19. Qe3 f6 20. Rac1 Rad7 21. Be2
Qc7 22. Qb3 Nc4 23. Rfd1 Rd6 24. Rd3 Rc6 25. Rcd1 g6 26. Nd2 Rxd3 27. Bxd3 Nxd2
28. Rxd2 Kf7 29. Ne2 Rd6 30. Ng3 Bb7 31. Kf1 h5 32. h4 Bf8 33. Ke1 Bh6 34. Rd1
Rc6 35. a4 Qb6 36. axb5 axb5 37. Be2 Rd6 38. Rxd6 Qxd6 39. Bd3 Qd4 40. Ke2 Bc6
41. c3 Qb6 42. c4 bxc4 43. Qxc4 Bf8 44. b5 Bd7 45. Nf1 Bc5 46. Ne3 Ke7 47. Qa4
Bxe3 48. fxe3 Bc8 49. Qa3+ Ke8 1/2-1/2

[Event "IX. Rhein-Main-Open"]
[Site "Bad Homburg"]
[Date "2006.06.15"]
[Round "3.26"]
[White "Freund, Klaus"]
[Black "Reimer, Otto"]
[Result "1/2-1/2"]
[WhiteElo "1721"]
[BlackElo "2047"]
[PlyCount "69"]
[EventDate "2006.??.??"]

1. c4 Nf6 2. Nc3 g6 3. g3 Bg7 4. Bg2 Nc6 5. Nf3 O-O 6. O-O Re8 7. d4 d6 8. d5
Nb8 9. Bd2 e5 10. dxe6 Bxe6 11. Nd4 Bc8 12. e3 Nbd7 13. Qc2 Ne5 14. b3 a6 15.
Rac1 c5 16. Nde2 Nc6 17. Nd5 Nxd5 18. Bxd5 Bf5 19. Qd1 Qd7 20. Bc3 Ne5 21. Nf4
Rab8 22. e4 Bh3 23. Nxh3 Qxh3 24. Bxe5 Bxe5 25. Qf3 Re7 26. Qg2 Qg4 27. f3 Qd7
28. h4 Kh8 29. f4 Bd4+ 30. Kh2 f5 31. exf5 gxf5 32. Rfe1 Rbe8 33. Rxe7 Rxe7 34.
Rc2 Re1 35. Re2 1/2-1/2

[Event "IX. Rhein-Main-Open"]
[Site "Bad Homburg"]
[Date "2006.06.15"]
[Round "3.27"]
[White "Libuda, Thomas"]
[Black "Kolker, Vladislav"]
[Result "1/2-1/2"]
[WhiteElo "2026"]
[BlackElo "1860"]
[PlyCount "97"]
[EventDate "2006.??.??"]

1. d4 Nf6 2. Nf3 g6 3. c4 Bg7 4. Nc3 O-O 5. b4 d6 6. a4 c5 7. bxc5 dxc5 8. e3
Nc6 9. Ra3 Bg4 10. Be2 cxd4 11. Nxd4 Bxe2 12. Kxe2 Ne5 13. Qb3 Qc7 14. Nd5 Qd7
15. f3 Rfc8 16. Qb5 Rxc4 17. Qxd7 Nexd7 18. Rc3 Rxc3 19. Nxc3 Rc8 20. Bd2 a6
21. Rb1 Nc5 22. Nb3 Nxb3 23. Rxb3 Rc7 24. e4 e6 25. Na2 Nd7 26. Rd3 f6 27. Nc1
Kf7 28. Nb3 Bf8 29. g4 Nc5 30. Nxc5 Bxc5 31. g5 b5 32. axb5 axb5 33. Rb3 Rb7
34. gxf6 Kxf6 35. Bc3+ Kf7 36. h3 Be7 37. Bd2 h5 38. f4 Bc5 39. e5 Ke7 40. Bb4
Bxb4 41. Rxb4 Kd7 42. Rd4+ Kc7 43. Kd2 b4 44. Kc2 b3+ 45. Kb2 Rb6 46. Rd3 Kc6
47. Rd6+ Kc5 48. Rxb6 Kxb6 49. Kxb3 1/2-1/2

[Event "IX. Rhein-Main-Open"]
[Site "Bad Homburg"]
[Date "2006.06.15"]
[Round "3.28"]
[White "Diez, Gerhard"]
[Black "Krüger, Till"]
[Result "1-0"]
[WhiteElo "2014"]
[BlackElo "1827"]
[PlyCount "75"]
[EventDate "2006.??.??"]

1. e4 d6 2. d4 g6 3. Nc3 Bg7 4. Nf3 Nf6 5. Be2 a6 6. O-O b5 7. e5 dxe5 8. dxe5
Qxd1 9. Rxd1 Ng4 10. Nd5 O-O 11. Nxe7+ Kh8 12. Nxc8 Rxc8 13. a4 bxa4 14. Rxa4
Nxe5 15. Bf4 Nbc6 16. c3 a5 17. Rd5 Re8 18. Bb5 Nxf3+ 19. gxf3 Re1+ 20. Kg2 Ne5
21. Rxa5 Rf8 22. Ra6 h5 23. Rd2 f6 24. Re2 Rxe2 25. Bxe2 Rb8 26. b4 Kh7 27. b5
Rb7 28. c4 g5 29. Be3 Nd7 30. Bd3+ Kg8 31. Be4 Rb8 32. Ra7 Nb6 33. Rxc7 Bf8 34.
Bh7+ Kh8 35. Bd4 Bg7 36. Be4 Nxc4 37. Rxc4 f5 38. Bc6 1-0

[Event "IX. Rhein-Main-Open"]
[Site "Bad Homburg"]
[Date "2006.06.15"]
[Round "3.29"]
[White "Müller, Pascal"]
[Black "Grass, Ernest"]
[Result "1/2-1/2"]
[WhiteElo "1999"]
[BlackElo "1772"]
[PlyCount "85"]
[EventDate "2006.??.??"]

1. e4 c5 2. c3 d5 3. exd5 Qxd5 4. d4 Nf6 5. Nf3 Bg4 6. Be2 e6 7. Bf4 Nc6 8. Na3
cxd4 9. Nb5 O-O-O 10. O-O d3 11. Bxd3 Qxd3 12. Qa4 a6 13. Nfd4 Bc5 14. Nxc6
Qxb5 15. Qxb5 axb5 16. Nxd8 Rxd8 17. h3 Bh5 18. g4 Bg6 19. a4 bxa4 20. Rxa4 Rd5
21. Ra8+ Kd7 22. Rb8 Kc6 23. Rc8+ Kb6 24. b4 Bxb4 25. cxb4 Kb5 26. Rc7 b6 27.
Be3 Nd7 28. h4 Kxb4 29. h5 Bd3 30. Ra1 Kb3 31. Raa7 Bb5 32. Rab7 Rd6 33. Kh2 f6
34. Kg3 g6 35. h6 Kb4 36. Rc8 Ba4 37. Rbb8 Nxb8 38. Rxb8 g5 39. Bxb6 Kc3 40.
Ba5+ Kd4 41. Rf8 f5 42. Rf7 f4+ 43. Kg2 1/2-1/2

[Event "IX. Rhein-Main-Open"]
[Site "Bad Homburg"]
[Date "2006.06.15"]
[Round "3.30"]
[White "Faqiry, Ramat"]
[Black "Lanz, Udo"]
[Result "1/2-1/2"]
[WhiteElo "1705"]
[BlackElo "1985"]
[PlyCount "52"]
[EventDate "2006.??.??"]

1. d4 f5 2. c4 g6 3. Nc3 Nf6 4. Nf3 Bg7 5. e3 O-O 6. Bd3 d6 7. O-O c6 8. h3 Qc7
9. d5 Na6 10. a3 e5 11. dxe6 Nc5 12. Bc2 Nxe6 13. Nd4 Nh5 14. Nce2 Bd7 15. Rb1
a5 16. b4 axb4 17. axb4 Nxd4 18. Nxd4 f4 19. exf4 Nxf4 20. Bxf4 Rxf4 21. Ne2
Rf7 22. Bb3 Raf8 23. Qd2 Be6 24. Rbd1 Rd7 25. Nd4 Bf7 26. Rfe1 Bxd4 1/2-1/2

[Event "IX. Rhein-Main-Open"]
[Site "Bad Homburg"]
[Date "2006.06.15"]
[Round "3.31"]
[White "Gutacker, Stephan"]
[Black "Smith-Meyer, Geir"]
[Result "1-0"]
[WhiteElo "1982"]
[BlackElo "1669"]
[PlyCount "57"]
[EventDate "2006.??.??"]

1. e4 e5 2. Nf3 Nf6 3. Nxe5 d6 4. Nf3 Nxe4 5. d4 d5 6. Bf4 Bg4 7. h3 Bh5 8. g4
Bg6 9. h4 f6 10. h5 Bf7 11. Bd3 Bd6 12. Bxd6 Qxd6 13. Nbd2 Nxd2 14. Qxd2 Qe7+
15. Kf1 Qd6 16. Nh4 a6 17. Nf5 Qf8 18. Re1+ Kd8 19. g5 Nc6 20. gxf6 gxf6 21. c3
Kd7 22. Nh6 Re8 23. Qf4 Rxe1+ 24. Kxe1 Qe7+ 25. Kd2 Re8 26. Ng4 Kc8 27. Nxf6
Rh8 28. Re1 Be6 29. Rxe6 1-0

[Event "IX. Rhein-Main-Open"]
[Site "Bad Homburg"]
[Date "2006.06.15"]
[Round "3.32"]
[White "Schutzmann, Henry"]
[Black "Ewin, Hans-Peter"]
[Result "0-1"]
[WhiteElo "1550"]
[BlackElo "1976"]
[PlyCount "94"]
[EventDate "2006.??.??"]

1. e4 c5 2. Nf3 d6 3. d4 cxd4 4. Nxd4 Nf6 5. Nc3 g6 6. g3 Bg7 7. Bg2 O-O 8. O-O
Qb6 9. Nb3 Nc6 10. Be3 Qc7 11. Nb5 Qb8 12. c3 Bd7 13. h3 Rc8 14. f4 a6 15. Na3
Qc7 16. Nc4 Nd4 17. Nbd2 Be6 18. Na3 Nb5 19. Nc2 a5 20. Nd4 Bd7 21. g4 e5 22.
fxe5 dxe5 23. Nxb5 Bxb5 24. Rf2 Rd8 25. Qb3 Qd7 26. a4 Bc6 27. Bg5 Rf8 28. Bxf6
Bxf6 29. Bf1 Bg5 30. Nc4 Qe6 31. Qc2 b5 32. axb5 Bxb5 33. Na3 Bxf1 34. Rfxf1
Rab8 35. Kg2 Rb3 36. c4 Qb6 37. c5 Qb4 38. Rf2 Be3 39. Re2 Bxc5 40. Nc4 a4 41.
Nxe5 Bd4 42. Nd3 Qb5 43. Ra3 Rb8 44. Rxb3 axb3 45. Qc7 Ra8 46. Nf4 Be5 47. Qc1
Bxf4 0-1

[Event "IX. Rhein-Main-Open"]
[Site "Bad Homburg"]
[Date "2006.06.15"]
[Round "3.33"]
[White "Förster, Rudi"]
[Black "Reichert, Rudolf"]
[Result "1-0"]
[WhiteElo "1967"]
[BlackElo "1601"]
[PlyCount "139"]
[EventDate "2006.??.??"]

1. e4 e5 2. Nf3 Nc6 3. Bb5 Nd4 4. Nxd4 exd4 5. Qf3 Qf6 6. O-O Qxf3 7. gxf3 c6
8. Bc4 b5 9. Bb3 a5 10. a4 b4 11. d3 d6 12. Bf4 Bh3 13. Re1 Nf6 14. e5 Nd5 15.
exd6+ Kd7 16. Bg3 f5 17. Nd2 h5 18. Be5 Rh6 19. Kh1 Re8 20. Nc4 Rhe6 21. f4 g5
22. Nb6+ Nxb6 23. Bxe6+ Rxe6 24. fxg5 Bg4 25. Bxd4 Bf3+ 26. Kg1 Rxe1+ 27. Rxe1
Nd5 28. c4 Nf4 29. Re3 Bg4 30. f3 Bh3 31. c5 Ng6 32. Kf2 f4 33. Re1 Bf5 34. Ke2
Be6 35. Bf6 Bd5 36. d4 Nh4 37. Kf2 Be6 38. Re4 Ng6 39. Re1 Bd5 40. Re2 h4 41.
Be5 h3 42. Bf6 Bc4 43. Re1 Bb3 44. Rc1 Bd5 45. Re1 Bb3 46. Be5 Bd5 47. Ke2 Bc4+
48. Kd2 Bd5 49. Kd3 Bxf3 50. Rf1 Bd5 51. Bxf4 Bg7 52. Bg3 Nf8 53. Be5 Ne6 54.
Rf7+ Kd8 55. Rxg7 Nxg7 56. Bxg7 Bb3 57. Bf6+ Kd7 58. g6 Bxa4 59. d5 Bb3 60.
dxc6+ Kxc6 61. g7 Kd7 62. Ke4 Bf7 63. Kf5 b3 64. Kg5 a4 65. Kh6 Bg8 66. Kg6 Kc6
67. Be5 Kd7 68. Kf6 Bd5 69. c6+ Kxc6 70. Ke7 1-0

[Event "IX. Rhein-Main-Open"]
[Site "Bad Homburg"]
[Date "2006.06.15"]
[Round "3.34"]
[White "Peter, Falco"]
[Black "Niedenthal, Robert"]
[Result "0-1"]
[WhiteElo "1380"]
[BlackElo "1963"]
[PlyCount "118"]
[EventDate "2006.??.??"]

1. b4 e5 2. Bb2 Bxb4 3. Bxe5 Nf6 4. Bb2 O-O 5. c3 Ba5 6. Na3 d5 7. Nf3 Nbd7 8.
d4 Re8 9. Qc2 c6 10. e3 Ne4 11. O-O-O Ndf6 12. Ne5 Nd7 13. Nxd7 Bxd7 14. f3 Nd6
15. Bd3 g6 16. Rde1 b5 17. g4 b4 18. Nb1 Rc8 19. h4 c5 20. h5 cxd4 21. hxg6
dxc3 22. gxf7+ Nxf7 23. Bxh7+ Kf8 24. Nxc3 Ne5 25. Bg6 Qf6 26. Bxe8 Bxe8 27.
Kb1 Bg6 28. e4 bxc3 29. Ba3+ Kf7 30. Ka1 d4 31. Qb3+ Qe6 32. Qb7+ Rc7 33. Qb5
Qb6 34. Qd5+ Qe6 35. Qxa5 Rd7 36. Qb4 Qe8 37. Rh6 Qc8 38. Reh1 c2 39. Qb5 Qc7
40. Rh7+ Bxh7 41. Rxh7+ Kg6 42. Rh1 Qc3+ 43. Bb2 Qxf3 44. Rf1 Qd1+ 45. Bc1 Qd3
46. Qxe5 Qxf1 47. Qe6+ Qf6 48. Qe8+ Qf7 49. Qe5 Kh7 50. Kb2 d3 51. Qh2+ Kg8 52.
Qb8+ Kg7 53. Qe5+ Qf6 54. Bh6+ Kf7 55. Qxf6+ Kxf6 56. Bf4 d2 57. e5+ Ke6 58.
Kxc2 d1=Q+ 59. Kb2 Qd4+ 0-1

[Event "IX. Rhein-Main-Open"]
[Site "Bad Homburg"]
[Date "2006.06.15"]
[Round "3.36"]
[White "Henrich, Frederik"]
[Black "Fußnecker, Manfred"]
[Result "1-0"]
[WhiteElo "1612"]
[BlackElo "2025"]
[PlyCount "55"]
[EventDate "2006.??.??"]

1. e4 e6 2. d3 c5 3. g3 Nc6 4. Bg2 Nf6 5. Nc3 Be7 6. f4 d6 7. Nf3 h5 8. h3 Qc7
9. Be3 a6 10. a4 d5 11. e5 d4 12. exf6 Bxf6 13. Bxd4 cxd4 14. Ne2 O-O 15. O-O
Qb6 16. b3 e5 17. fxe5 Nxe5 18. Nxe5 Bxe5 19. Nf4 Qh6 20. Qf3 Rb8 21. Rae1 Bd6
22. Nxh5 Bd7 23. Re2 b5 24. axb5 Rxb5 25. g4 f5 26. g5 Qxg5 27. Nf4 Re5 28.
Rxe5 1-0